000 00674nam a2200241Ia 4500
005 20260121112250.0
008 4612 260114s9999 xx 000 0 eng d
020 _a9789813200586
037 _aEBOOK
040 _aCRL
_beng
_cCRL
041 _aeng
_2eng
084 _qCRL
100 _aLow Robin Boon Peng
_9954847
245 0 _aGood Intentions are Not Enough: Why We Fail At Helping Others
260 _bWorld Scientific
260 _bWS PROFESSIONAL
260 _c2016
650 _aSocial Sciences
_9954848
856 _uhttps://www.worldscientific.com/worldscibooks/10.1142/10294#t=toc
942 _cEBOOK
999 _c1541912
_d1541912